Statistics for People with L initials #2

Click here to take the quiz!

General Stats

  • This quiz has been taken 29 times
  • The average score is 12 of 21

Answer Stats

Initials Person % Correct
LATrumpeter and one of the most influential figures in jazzLouis Armstrong
100%
LGOasis singerLiam Gallagher
86%
LPItalian operatic tenorLuciano Pavarotti
86%
LL"Kill Bill", "Charlie's Angels", "Chicago"Lucy Liu
86%
LMArgentine football player and FC Barcelona captainLionel Messi
77%
LC"Hallelujah" singerLeonard Cohen
68%
LTArwen in "The Lord of the Rings" and hard rock legend's daughterLiv Tyler
64%
LJThe King, 4 times NBA MVPLeBron James
64%
LN"I will find you, and I will kill you"Liam Neeson
59%
LBBoston Celtics legend and trashtalking specialistLarry Bird
59%
LRThe Velvet Underground frontmanLou Reed
59%
LDUS soccer legend and top scorerLandon Donovan
55%
LVAmerican World Cup alpine ski racer and Olympic gold medalistLindsey Vonn
50%
LK"Are you gonna go my way", "I'll be waiting"Lenny Kravitz
45%
LF"The Incredible Hulk" series leading roleLou Ferrigno
45%
LO"Wuthering Heights", "Rebecca", "Marathon Man"Laurence Olivier
45%
LWHead coach of the Los Angeles LakersLuke Walton
36%
LYThe only goalkeeper ever to receive the Ballon d'OrLev Yashin
36%
LEOne of the most influential model of all timeLinda Evangelista
32%
LSActor, former husband of Naomi WattsLiev Schreiber
18%
LHCersei LannisterLena Headey
18%

Score Distribution

Percentile by Number Answered

Percent of People with Each Score

Your Score History

You have not taken this quiz